UBT Library

BIOLOGY THR ESSENTIALS (Record no. 60096)

000 -LEADER
fixed length control field 00337nam a22001457a 4500
008 - FIXED-LENGTH DATA ELEMENTS--GENERAL INFORMATION
fixed length control field 230706b ||||| |||| 00| 0 eng d
020 ## - INTERNATIONAL STANDARD BOOK NUMBER
International Standard Book Number 9780078024252
041 ## - LANGUAGE CODE
Language code of text/sound track or separate title eng
080 ## - UNIVERSAL DECIMAL CLASSIFICATION NUMBER
Edition identifier SECOND EDITION
Universal Decimal Classification number 573
082 ## - DEWEY DECIMAL CLASSIFICATION NUMBER
Classification number 573HOE
100 ## - Rafti
Rafti 15
101 ## - Shkurtesa
Shkurtesa MEDBIOL
245 ## - TITLE STATEMENT
Title BIOLOGY THR ESSENTIALS
Statement of responsibility, etc HOEFNAGELS.M
942 ## - ADDED ENTRY ELEMENTS (KOHA)
Source of classification or shelving scheme
Item type Books
Holdings
Withdrawn status Lost status Source of classification or shelving scheme Damaged status Not for loan Collection code Permanent location Current location Date acquired Total Checkouts Full call number Barcode Date last seen Price effective from Koha item type
          Koleksioni i përgjithshem UBT - Lipjan UBT - Lipjan 07/06/2023   573HOE 002-800080764 07/06/2023 07/06/2023 Books
UBT Library © 2015-2024. All rights reserved University Education for Business and Technology